Culturas científicas e innovadoras. Progreso social /

Guardado en:
Autor Corporativo: Seminario Internacional Culturas Científicas e Innovadoras. Progreso Social Madrid, España)
Otros Autores: Laspra, Belén. (Editor ), Muñoz, Emilio. (Editor )
Formato: Libro
Idioma:Spanish
Publicado: Ciudad de Buenos Aires : Eudeba, noviembre de 2014.
Edición:Primera edición.
Materias:
Acceso en línea:Cubierta
Etiquetas: Agregar Etiqueta
Sin Etiquetas, Sea el primero en etiquetar este registro!
LEADER 01288cam a2200313 i 4500
001 EUN.eunm008171
008 160224e201411##ag#a#####b####100#0#spa#d
005 20191211092629.0
245 0 0 |a Culturas científicas e innovadoras. Progreso social /  |c Belén Laspra y Emilio Muñoz (coordinadores) ; prólogo: Fedrico Mayor Zaragoza ; autores: Andrew Jamison [y otros veinte más]. 
250 |a Primera edición. 
264 1 |a Ciudad de Buenos Aires :  |b Eudeba,  |c noviembre de 2014. 
300 |a 309 páginas :  |b ilustraciones ;  |c 23 cm. 
336 |a texto  |2 rdacontent 
337 |a sin mediación  |2 rdamedia 
338 |a volumen  |2 rdacarrier 
504 |a Incluye referencias bibliográficas. 
020 |a 9789502323954 
111 2 |a Seminario Internacional Culturas Científicas e Innovadoras. Progreso Social  |d (2013 :  |c Madrid, España) 
700 1 |a Laspra, Belén.  |4 edt 
700 1 |a Muñoz, Emilio.  |4 edt 
710 2 |a Fundación Ramón Areces  |4 spn 
082 0 4 |a 001  |2 15 
650 7 |a Ciencia.  |2 unbist 
650 7 |a Aspectos sociales.  |2 unbist 
010 |a  2016365413 
040 |a AR-BaFGC  |b eng  |c AR-BaFGC  |e rda  |d DLC 
050 0 0 |a Q175.5  |b .S4436 2014 
856 4 1 |3 Cubierta  |u http://core.cambeiro.com.ar/0-177012-0.pdf 
859 |a AR-BaUNS  |b BIB. CENTRAL - Sector A  |h 001  |i L336  |p 127443/019